Electrical machines; direct & alternating current./ (Record no. 615181)

000 -LEADER
fixed length control field 00538cam a22001811 4500
082 00 - DEWEY DECIMAL CLASSIFICATION NUMBER
Classification number 621.313
Author Mark SIS
100 1# - MAIN ENTRY--PERSONAL NAME
Personal name Siskind, Charles S.
Dates associated with a name 1897-1966
245 00 - TITLE STATEMENT
Title Electrical machines; direct & alternating current./
250 ## - EDITION STATEMENT
Edition statement 2d ed.
260 ## - PUBLICATION, DISTRIBUTION, ETC.
Place of publication, distribution, etc. New York,
Name of publisher, distributor, etc. McGraw-Hill,
Date of publication, distribution, etc. 1959.
300 ## - PHYSICAL DESCRIPTION
Extent 563 p.
Other physical details illus.
Dimensions 24 cm.
563 ## - BINDING INFORMATION
Binding note HB
650 #0 - SUBJECT ADDED ENTRY--TOPICAL TERM
Topical term or geographic name entry element Electric machines.
942 ## - ADDED ENTRY ELEMENTS (KOHA)
Source of classification or shelving scheme
Koha item type Book
650 #0 - SUBJECT ADDED ENTRY--TOPICAL TERM
-- 59915
Holdings
Withdrawn status Lost status Source of classification or shelving scheme Damaged status Not for loan Permanent Location Current Location Date acquired Total Checkouts Full call number Barcode Date last seen Price effective from Koha item type
          Central Library (CL) Central Library (CL) 10/15/2025   621.313 SIS LC-491 10/15/2025 10/15/2025 Book
© 2023 Central Library, National University of Sciences and Technology. All Rights Reserved.